000 00290nam a2200145 4500
008 190521s1989||||CZ d
245 1 0 _aMedika
300 _a972s.
260 _bMedika
_aPraha
_c1989
250 _a1.vydanie
020 _c0
041 1 _acze
044 _aCZ
958 _aA
999 _c22388
_d22388